000 00730nam 22002293 4500
001 200470
010 _a972-8407-40-8
021 _aPT
_b115315/97
090 _a200470
100 _a20260209d u||y0pory50 ba
200 _aAnorexia, bulimia, obesidade
_fGérard Apfeldorfer
_gtradutor Rosa Dinis
210 _aLisboa
_cInstituto Piaget
_dD.L.1997
215 _a131 p.
_cil. ; brochado
_d21 cm
225 _aBiblioteca Básica de Ciência e Cultura
_fDireção de António Oliveira Cruz
_v46
606 _9927
_aMedicina
675 _a616.33
_vPT
_zpor
675 _a616.89
_vPT
_zpot
700 _916264
_aGérard Apfeldorfer
_bGérard
_f1948-
702 _916268
_aDinis
_bRosa
801 _aPT
_bBMMN
_gRPC
830 _cAna
_fAna
990 _cLIVROS